| 000 | 00532nam a2200181 a 4500 | ||
|---|---|---|---|
| 001 | 17168 | ||
| 005 | 20180713210255.0 | ||
| 008 | 140415s1983 000 0 spa d | ||
| 041 | _aspa | ||
| 082 |
_a352.446 _bORT |
||
| 100 | 1 | _aORTIZ, CARLOS NICOLAS | |
| 245 | 1 | 3 |
_aEL DERECHO A LA SALUD Y LOS DERECHOS DE LOS ENFERMOS : _bAPUNTES SOBRE LA SANIDAD ESPAÑOLA |
| 250 | _a2a ed. | ||
| 260 |
_a[s.l.] : _bENCUENTRO, _c1983 |
||
| 300 | _a211 | ||
| 490 |
_aLIBROS DE BOLSILLO _v19 |
||
| 650 | 1 | 4 |
_aSALUS PUBLICA _xESPAA |
| 999 |
_c17168 _d17168 |
||